000 00677nam a2200181Ia 4500
008 100920s9999 xx 000 0 und d
082 _b84769
_a891.464 0
100 _aराऊत शिवाजी.
245 _aप्रत्यक्ष कृष्णाकाठ झलक.
260 _bजनवादी शिक्षण केंद्र, सातारा.
_c0
300 _a72
_bसाधी
365 _b28
520 _aनिबंध.
630 _aप्रत्यक्ष कृष्णाकाठ झलक.
650 _aनिबंध.
730 _aप्रत्यक्ष कृष्णाकाठ झलक.
942 _cBOOK
999 _c725297
_d725294